000 00560nam a2200205Ia 4500
003 BUBTL
008 151213s9999 xx 000 0 und d
082 _a342/ W1191e
100 _a Wade E. C. S.
_94784
245 _aEnglish Constitutional Law :
_cE. C. S. Wade, G. G. Phillips
250 _a1st
260 _aLahore
_bP. L. B Publications
300 _a340p. :
_b21 cm
650 _aLaw
650 _a
700 _aE. C. S. Wade, G. G. Phillips
_94785
856 _k0
_l0
_yDownload
942 _2ddc
_cBK
999 _c1722
_d1722